| 000 | 00710nam a22002057a 4500 | ||
|---|---|---|---|
| 005 | 20170425113229.0 | ||
| 010 | _aBAC-CH25 | ||
| 020 |
_a9788180221637 _c225.00 |
||
| 035 | _aB-558352-387 | ||
| 035 | _aB-669738 | ||
| 037 |
_adpl _bABC /Ven |
||
| 082 | _a523.203 | ||
| 245 | _aJunior encyclopedia : the solar system / | ||
| 260 |
_bPriority Publications _c2013 |
||
| 300 |
_a48p.: _bcol.ill _c27cm(Hb) |
||
| 490 | _aBlow-up ! | ||
| 942 |
_2ddc _cCH _mJUN _h523.203 |
||
| 999 |
_c86945 _d86945 |
||